[Event "Fortaleza Correa Cup"]
[Site "Fortaleza"]
[Date "2018.03.01"]
[Round "2"]
[White "Albuquerque, Wellington S Jr"]
[Black "Lucas, Leone Moreno"]
[Result "1-0"]
[WhiteElo "2158"]
[BlackElo "2209"]
[PlyCount "63"]
[EventDate "2018.02.28"]
[EventType "swiss"]
[EventRounds "5"]
[EventCountry "BRA"]
[SourceTitle "EXT 2019"]
[Source "ChessBase"]
[SourceDate "2018.10.10"]
[SourceVersion "1"]
[SourceVersionDate "2018.10.10"]
[SourceQuality "1"]

1. Nf3 Nf6 2. c4 g6 3. b3 Bg7 4. Bb2 0-0 5. g3 c5 6. Bg2 Nc6 7. 0-0 d5 8. cxd5 Nxd5 9. Bxg7 Kxg7 10. d4 cxd4 11. Nxd4 e6 12. Nxc6 bxc6 13. Qd4+ Qf6 14. Qxf6+ Kxf6 15. Rc1 a5 16. Rxc6 a4 17. Bxd5 Bb7 18. Rxe6+ fxe6 19. Bxb7 axb3 20. a4 Ra7 21. Be4 Rc8 22. Ra3 Rc4 23. Bd3 Rb4 24. a5 Ke5 25. Nc3 b2 26. a6 Kd4 27. Kf1 Rb8 28. Ke1 Rc7 29. Kd2 Kc5 30. Ra5+ Kb4 31. Ra4+ Kc5 32. a7 1-0

[Event "Tiradentes op"]
[Site "Tiradentes"]
[Date "2014.04.18"]
[Round "2"]
[White "Lemos, Dawton Almino"]
[Black "Lucas, Leone Moreno"]
[Result "1/2-1/2"]
[WhiteElo "2047"]
[BlackElo "2218"]
[PlyCount "40"]
[EventDate "2014.04.18"]
[EventType "swiss"]
[EventRounds "7"]
[EventCountry "BRA"]
[SourceTitle "CBM 160 Extra"]
[Source "ChessBase"]
[SourceDate "2014.07.01"]
[SourceVersion "1"]
[SourceVersionDate "2014.07.01"]
[SourceQuality "1"]

1. e4 c5 2. Nf3 Nc6 3. d3 g6 4. g3 Bg7 5. Bg2 e6 6. 0-0 Nge7 7. Re1 d6 8. c3 Rb8 9. a4 0-0 10. Nbd2 a6 11. Nf1 b5 12. axb5 axb5 13. d4 b4 14. Bf4 bxc3 15. bxc3 cxd4 16. cxd4 e5 17. dxe5 dxe5 18. Be3 Bg4 19. Bc5 Nd4 20. Ne3 Bxf3 1/2-1/2

[Event "Tiradentes op"]
[Site "Tiradentes"]
[Date "2014.04.18"]
[Round "1"]
[White "Lucas, Leone Moreno"]
[Black "Pinheiro, Jose Welliton"]
[Result "1-0"]
[WhiteElo "2218"]
[BlackElo "1755"]
[PlyCount "63"]
[EventDate "2014.04.18"]
[EventType "swiss"]
[EventRounds "7"]
[EventCountry "BRA"]
[SourceTitle "CBM 160 Extra"]
[Source "ChessBase"]
[SourceDate "2014.07.01"]
[SourceVersion "1"]
[SourceVersionDate "2014.07.01"]
[SourceQuality "1"]

1. d4 d5 2. c4 e6 3. Nf3 Nf6 4. Bg5 Bb4+ 5. Nc3 dxc4 6. e3 c5 7. Bxc4 cxd4 8. exd4 Qa5 9. Qd3 Nbd7 10. 0-0 0-0 11. Ne2 Nd5 12. a3 Bd6 13. Rac1 N7f6 14. b4 Qb6 15. Ne5 a6 16. Rfd1 Qa7 17. Ba2 Qb8 18. f4 Ne8 19. Bb1 g6 20. Bh6 Ng7 21. Ng3 f5 22. Ba2 Nb6 23. h4 Re8 24. h5 Bxe5 25. dxe5 Bd7 26. Qxd7 Nxd7 27. Rxd7 Qa7+ 28. Kh2 Rac8 29. Rxg7+ Kh8 30. Rxc8 Rxc8 31. Bxe6 Re8 32. Rd7 1-0

[Event "Joao Pessoa op 08"]
[Site "Joao Pessoa"]
[Date "2013.08.04"]
[Round "5"]
[White "Souza, Marcos Valerio"]
[Black "Lucas, Leone Moreno"]
[Result "1/2-1/2"]
[WhiteElo "2064"]
[BlackElo "2219"]
[PlyCount "48"]
[EventDate "2013.08.02"]
[EventType "swiss"]
[EventRounds "6"]
[EventCountry "BRA"]
[SourceTitle "CBM 155 Extra"]
[Source "ChessBase"]
[SourceDate "2013.08.26"]
[SourceVersion "1"]
[SourceVersionDate "2013.08.26"]
[SourceQuality "1"]

1. d4 Nf6 2. c4 g6 3. Nc3 d5 4. Bf4 Bg7 5. Qa4+ Bd7 6. Qb3 Bc6 7. e4 dxc4 8. Bxc4 b5 9. Bxf7+ Kf8 10. d5 Bd7 11. Be6 Bxe6 12. dxe6 c6 13. Nf3 Na6 14. 0-0 Nc5 15. Qc2 Qd3 16. Rac1 Qxc2 17. Rxc2 Nxe6 18. Be5 Kf7 19. Nd2 Rhd8 20. Nb3 a5 21. a4 bxa4 22. Nxa4 Nxe4 23. Bxg7 Nxg7 24. Rxc6 Nf5 1/2-1/2

[Event "Cearense-ch"]
[Site "Fortaleza"]
[Date "2011.12.15"]
[Round "4.4"]
[White "Lucas, Leone Moreno"]
[Black "Amorim, Marcio Felipe De Me"]
[Result "1-0"]
[WhiteElo "2195"]
[BlackElo "2097"]
[PlyCount "113"]
[EventDate "2011.12.15"]
[EventType "tourn"]
[EventRounds "7"]
[EventCountry "BRA"]
[SourceTitle "EXT 2022"]
[Source "ChessBase"]
[SourceDate "2021.10.06"]
[SourceVersion "1"]
[SourceVersionDate "2021.10.06"]
[SourceQuality "1"]

1. d4 Nf6 2. c4 c5 3. Nf3 cxd4 4. Nxd4 Nc6 5. Nc3 d6 6. e4 Qa5 7. Nb3 Qd8 8. Be2 b6 9. Bf4 Bb7 10. Rc1 a6 11. 0-0 e6 12. Qd2 Qc7 13. Rfd1 Rd8 14. Qe3 Be7 15. Nd5 Qb8 16. Nxb6 0-0 17. c5 e5 18. Bg5 dxc5 19. Bxf6 Bxf6 20. Nd7 Rxd7 21. Rxd7 Bc8 22. Rdd1 Nd4 23. Rxc5 Be7 24. Rc3 Bg5 25. Qd3 Be6 26. Nxd4 exd4 27. Qxd4 Qxb2 28. Rc8 Qxd4 29. Rxf8+ Kxf8 30. Rxd4 Bxa2 31. Bxa6 Bf6 32. Rb4 Be5 33. Bc4 Bd6 34. Ra4 Bxc4 35. Rxc4 Ke7 36. g3 g5 37. Kg2 Ke6 38. Rc8 Ke5 39. Re8+ Kf6 40. Rh8 Kg7 41. Rd8 Be5 42. Kf3 h5 43. h3 Bc7 44. Rc8 Bb6 45. Ke2 Bd4 46. f4 f6 47. Rc7+ Kg6 48. f5+ Kh6 49. g4 hxg4 50. hxg4 Ba1 51. Kd3 Bb2 52. Kc4 Be5 53. Rb7 Ba1 54. Kd5 Bc3 55. Ke6 Bd4 56. Kf7 Be5 57. Rb1 1-0

[Event "Fortaleza Inelsa Cup 3rd"]
[Site "Fortaleza"]
[Date "2011.09.22"]
[Round "3"]
[White "Pinheiro, Iung Alicio"]
[Black "Lucas, Leone Moreno"]
[Result "1/2-1/2"]
[WhiteElo "2318"]
[BlackElo "2176"]
[PlyCount "37"]
[EventDate "2011.09.20"]
[EventType "swiss"]
[EventRounds "6"]
[EventCountry "BRA"]
[SourceTitle "CBM 144 Extra"]
[Source "ChessBase"]
[SourceDate "2011.10.28"]
[SourceVersion "1"]
[SourceVersionDate "2011.10.28"]
[SourceQuality "1"]

1. d4 Nf6 2. c4 g6 3. Nc3 d5 4. h4 Bg7 5. h5 Nxh5 6. cxd5 c6 7. e4 Nf6 8. dxc6 bxc6 9. Bf4 h6 10. Be2 Qa5 11. Qd2 Nbd7 12. Nf3 g5 13. Bg3 Ba6 14. Ne5 Rc8 15. f4 c5 16. Bxa6 Qxa6 17. d5 Nxe5 18. fxe5 Ng4 19. d6 1/2-1/2

[Event "Fortaleza Inelsa op 3rd"]
[Site "Fortaleza"]
[Date "2011.09.04"]
[Round "6"]
[White "Xavier da Silva, Nazareno"]
[Black "Lucas, Leone Moreno"]
[Result "1/2-1/2"]
[WhiteElo "2148"]
[BlackElo "2198"]
[PlyCount "31"]
[EventDate "2011.08.27"]
[EventType "swiss"]
[EventRounds "6"]
[EventCountry "BRA"]
[SourceTitle "CBM 144 Extra"]
[Source "ChessBase"]
[SourceDate "2011.10.28"]
[SourceVersion "1"]
[SourceVersionDate "2011.10.28"]
[SourceQuality "1"]

1. d4 Nf6 2. Nf3 g6 3. Nc3 d5 4. Bg5 Ne4 5. Bf4 Bg7 6. e3 Nxc3 7. bxc3 c5 8. Bb5+ Bd7 9. Bxd7+ Nxd7 10. 0-0 0-0 11. Rb1 b6 12. Qd3 Qc8 13. Nd2 Qc6 14. c4 e6 15. cxd5 exd5 16. c4 1/2-1/2

[Event "Natal Potiguar op"]
[Site "Natal"]
[Date "2011.08.20"]
[Round "3"]
[White "Lucas, Leone Moreno"]
[Black "Reis, Paulo F Jatoba"]
[Result "0-1"]
[WhiteElo "2198"]
[BlackElo "2387"]
[PlyCount "110"]
[EventDate "2011.08.19"]
[EventType "swiss"]
[EventRounds "6"]
[EventCountry "BRA"]
[SourceTitle "EXT 2014"]
[Source "ChessBase"]
[SourceDate "2013.11.20"]
[SourceVersion "1"]
[SourceVersionDate "2013.11.20"]
[SourceQuality "1"]

1. d4 e6 2. c4 Nf6 3. Nc3 Bb4 4. Qc2 d5 5. a3 Bxc3+ 6. Qxc3 c5 7. e3 Ne4 8. Qc2 Qa5+ 9. Bd2 Nxd2 10. Qxd2 Qxd2+ 11. Kxd2 cxd4 12. exd4 dxc4 13. Bxc4 b6 14. Nf3 Ke7 15. Rhe1 Bb7 16. Rad1 Rd8 17. Ke3 Na6 18. Ne5 Nc7 19. f3 Rac8 20. Rc1 f6 21. Nd3 Bd5 22. Bxd5 Nxd5+ 23. Kf2 Kd6 24. Rxc8 Rxc8 25. Rc1 Rxc1 26. Nxc1 Kc6 27. Nd3 Ne7 28. Nf4 Kd6 29. Ke3 g5 30. Ne2 Nd5+ 31. Kd3 f5 32. g3 Nf6 33. Nc3 Kc6 34. Ne2 g4 35. fxg4 Nxg4 36. h4 Kd6 37. Nf4 Nf2+ 38. Ke2 Ne4 39. Nh5 e5 40. Ke3 Kd5 41. dxe5 Kxe5 42. Kd3 a6 43. Ke3 b5 44. Kd3 a5 45. b3 h6 46. a4 Nc5+ 47. Kc3 bxa4 48. bxa4 Nxa4+ 49. Kb3 Nc5+ 50. Kc4 Ne6 51. Kb5 Ke4 52. Kxa5 Kf3 53. Kb4 Kg4 54. Nf6+ Kxg3 55. Kc3 Kxh4 0-1

[Event "Natal Potiguar op"]
[Site "Natal"]
[Date "2011.08.19"]
[Round "2"]
[White "Camara, Jose Arruda"]
[Black "Lucas, Leone Moreno"]
[Result "0-1"]
[WhiteElo "1935"]
[BlackElo "2198"]
[PlyCount "38"]
[EventDate "2011.08.19"]
[EventType "swiss"]
[EventRounds "6"]
[EventCountry "BRA"]
[SourceTitle "EXT 2014"]
[Source "ChessBase"]
[SourceDate "2013.11.20"]
[SourceVersion "1"]
[SourceVersionDate "2013.11.20"]
[SourceQuality "1"]

1. e4 c5 2. Nf3 Nc6 3. Nc3 Nf6 4. d4 cxd4 5. Nxd4 e5 6. Nf5 d5 7. exd5 Bxf5 8. dxc6 bxc6 9. Qf3 Qd7 10. Bg5 e4 11. Qd1 Bd6 12. Qd4 Qe7 13. 0-0-0 Be5 14. Qc4 0-0 15. h3 Rab8 16. Be3 Be6 17. Qc5 Qc7 18. Bd4 Bd6 19. Qg5 Bf4+ 0-1

[Event "Juazeiro op"]
[Site "Juazeiro do Norte"]
[Date "2011.07.24"]
[Round "6"]
[White "De Oliveira, Hebert Silva"]
[Black "Lucas, Leone Moreno"]
[Result "1/2-1/2"]
[WhiteElo "2129"]
[BlackElo "2198"]
[PlyCount "61"]
[EventDate "2011.07.21"]
[EventType "swiss"]
[EventRounds "7"]
[EventCountry "BRA"]
[SourceTitle "EXT 2012"]
[Source "ChessBase"]
[SourceDate "2011.11.24"]
[SourceVersion "1"]
[SourceVersionDate "2011.11.24"]
[SourceQuality "1"]

1. d4 Nf6 2. Nf3 g6 3. c4 Bg7 4. Nc3 d5 5. Qb3 dxc4 6. Qxc4 0-0 7. e4 Na6 8. Be2 c5 9. d5 e6 10. 0-0 exd5 11. exd5 Bf5 12. Bf4 Re8 13. Be5 Nb4 14. Rad1 Qa5 15. Nb5 Ne4 16. Bc7 Qxa2 17. d6 Qxc4 18. Bxc4 Bd7 19. Rfe1 a6 20. Nc3 Nxc3 21. bxc3 Bxc3 22. Re7 Be6 23. Bxe6 Rxe7 24. dxe7 Nc6 25. Bd5 Nxe7 26. Bxb7 Ra7 27. Rc1 Bb4 28. Bxa6 Rxa6 29. Kf1 f6 30. Ne1 Nd5 31. Bb8 1/2-1/2

[Event "BRA-ch sf"]
[Site "Recife"]
[Date "2010.10.31"]
[Round "3"]
[White "Lucas, Leone Moreno"]
[Black "De Barros E Silva, Byron Veras"]
[Result "1-0"]
[WhiteElo "2212"]
[BlackElo "1867"]
[PlyCount "87"]
[EventDate "2010.10.30"]
[EventType "swiss"]
[EventRounds "7"]
[EventCountry "BRA"]
[SourceTitle "EXT 2011"]
[Source "ChessBase"]
[SourceDate "2010.11.26"]
[SourceVersion "1"]
[SourceVersionDate "2010.11.26"]
[SourceQuality "1"]

1. e4 c5 2. Nf3 Nc6 3. d4 cxd4 4. Nxd4 Ne5 5. Nc3 a6 6. f4 Ng6 7. Bc4 e6 8. Be3 Bb4 9. 0-0 Bxc3 10. bxc3 b5 11. Bd3 Bb7 12. Qe1 Nf6 13. e5 Nd5 14. Bd2 Qb6 15. Qf2 Qc7 16. a4 Nxc3 17. axb5 Nxb5 18. Bxb5 axb5 19. Nxb5 Qc6 20. Nd6+ Kf8 21. Rab1 Ba6 22. c4 Kg8 23. Rb6 Qa4 24. Qd4 Ne7 25. Ra1 Qc2 26. Raxa6 Rxa6 27. Rxa6 g6 28. Ra8+ Kg7 29. Rxh8 Kxh8 30. Nxf7+ Kg7 31. Ng5 h6 32. Ne4 Kf7 33. Nc5 d5 34. exd6 Nf5 35. Qd3 Qxd3 36. Nxd3 Nxd6 37. Ne5+ Kg7 38. c5 Nc8 39. c6 Kf6 40. Kf2 Kf5 41. Kf3 h5 42. Bb4 g5 43. Nc4 g4+ 44. Ke3 1-0